01238nam a22003134a 4500001001200000003000800012006001900020007001500039008004100054010001700095020002800112040002100140035002100161050002300182082001200205100002100217245006700238260004400305300002400349490006200373504006600435533015200501651001900653651003300672655002900705710001700734830004700751856012600798ebr10017944CaPaEBRm u cr cn|||||||||000424s2001 ctub sb 001 0 eng  z 00033132  z0313307318 (alk. paper) aCaPaEBRcCaPaEBR a(OCoLC)61463643214aDS272b.D36 2000eb04a9552211 aDaniel, Elton L.14aThe history of Iranh[electronic resource] /cElton L. Daniel. aWestport, CT :bGreenwood Press,c2001. axvi, 299 p. :bmap.1 aThe Greenwood histories of the modern nations,x1096-2905 aIncludes bibliographical references (p. [275]-281) and index. aElectronic reproduction.bPalo Alto, Calif. :cebrary,d2013.nAvailable via World Wide Web.nAccess may be limited to ebrary affiliated libraries. 0aIranxHistory. 0aIranxHistoryy20th century. 7aElectronic books.2local2 aebrary, Inc. 0aGreenwood histories of the modern nations.40uhttp://site.ebrary.com/lib/rucke/Doc?id=10017944zAn electronic book accessible through the World Wide Web; click to view